000 01092nam a2200325 i 4500
001 768714001
003 CO-MdFUSB
005 20230324130224.0
007 ta
008 230307t2002 -mx |||| |||| 00| 0 spa d
020 _a9681664566
040 _aCO-MdFUSB
_bspa
_cCO-MdFUSB
_dCO-MdFUSBC
_erda
041 _aspa
082 _223
_a121.68
_bR541
100 _aRicoeur, Paul
_eautor
245 1 4 _aDel texto a la acción :
_bensayos de hermenéutica II
_c/ Paul Ricoeur
250 _aSegunda edición
264 1 _aMéxico :
_bFondo de Cultura Económica de Argentina,
_c[2002]
264 4 _c© 2002
300 _a380 páginas
_c; 23 cm
336 _2rdacontent
_atexto
_btxt
337 _2rdamedia
_asin mediación
_bn
338 _2rdacarrier
_avolumen
_bnc
505 _aCapitulo 1: Para una fenomenología hermenéutica -- Capitulo 2 : De la hermenéutica de los textos a la hermenéutica de la acción -- Capitulo 3 : Ideología, utopía y política.
563 _aRustico
650 7 _9418
_aHermenéutica
650 7 _97168
_aFilosofía
942 _cBK
945 _aMag1104
999 _c68516
_d68516